Elementary number theory : a promblem oriented approach

Αποθηκεύτηκε σε:
Λεπτομέρειες βιβλιογραφικής εγγραφής
Κύριος συγγραφέας: Roberts, Joe
Μορφή: Βιβλίο
Γλώσσα:English
Δημοσίευση: Cambridge, Mass. : MIT Press, c1977
Θέματα:
Ετικέτες: Προσθήκη ετικέτας
Δεν υπάρχουν, Καταχωρήστε ετικέτα πρώτοι!

MARC

LEADER 00000cam a2200000 i 4500
001 1/12337
008 110309s1977 eng d
020 |a 0-262-68-028-0 
035 |l 10109747 
040 |a GR-MY-UA  |b gre  |e aacr 
041 0 |a eng 
082 0 |a 512.72076  |2 (22) 
100 1 |a Roberts, Joe. 
245 1 0 |a Elementary number theory :  |b a promblem oriented approach /  |c Joe Roberts 
260 |a Cambridge, Mass. :   |b MIT Press,   |c c1977 
300 |a vi, 271, 375 σ.;  |c 23 εκ. 
650 0 0 |a Number theory  |x Problems, exercises, etc. 
852 |a INST  |b SAMOS  |c MAG  |e 20110309  |h 512.72076 ROB  |p 005300032963  |q 005300032963  |t BK  |y 0 
901 |a BIBL3-2011-1 
909 |a Σ  |b 166971 
970 |a ΓΟΥΒΑΛΑ  |b ΒΑΣΩ  |z 2011/03/09